00317nam a2200133Ia 45000030006000000080041000060400015000471000017000622450025000792600046001043000006001505460010001560050017001660STCL150530s9999 xx 000 0 und d aSTCLcSTCL aMohan Rakesh aAakhirie Chattan Tak bBharathiya Gyanpeet Prakasan; Delhic1968 a0 aHindi20220125171244.0